Bands und Sänger nach Bildern - Statistiken

Allgemein
  • Dieses Quiz wurde 1.402 mal gespielt
  • Das Durchschnittsergebnis liegt bei 11 aus 24
Antwortstatistiken
Bildquiz Hint Antwort % Korrekt
Britische Band Queen
97%
Deutsche Band Die Ärzte
95%
Deutsche Band Scorpions
77%
Britische Band The Police
73%
Amerikanische Band Red Hot Chili Peppers
67%
Deutsche Band Fettes Brot
59%
Deutsche Band Kraftwerk
55%
Deutsche Band Scooter
55%
Amerikanische Band The Doors
51%
Deutsche Band Die Prinzen
48%
Amerikanische Sängerin P!nk
48%
Italienischer Sänger Eros Ramazzotti
45%
Schwedische Band Europe
45%
Britische Band Oasis
37%
Deutsche Band Die Flippers
36%
Deutscher Sänger Markus
36%
Amerikanische Sängerin Tina Turner
34%
Britische Band Arctic Monkeys
28%
Amerikanischer Sänger Meat Loaf
28%
Deutsche Band Dschinghis Khan
27%
Amerikanische Band Beach Boys
23%
Australische Band Men At Work
22%
Amerikanische Band Chicago
21%
Amerikanische Band Green Day
10%
Keine übereinstimmenden Quizze gefunden
Verteilung der Resultate
Anzahl Personen mit jedem Resultat
Perzentil nach korrekt beantworteten Fragen
Ihre Resultats-Entwicklung
Sie haben dieses Quiz noch nicht gespielt